00516nam a2200157Ia 450000500170000000800410001708200130005810000180007124500200008926000690010930000190017850000450019794200060024295200950024899900150034320250429024415.0240331s9999 xx 000 0 und d bTHIa300 aThiagarajah,T 0aUravum thunaum  aRajagiriyabViluthu, Centre For Human Resource Developmentc2005 a36 p ., ( C 1) aAatruppani uthaviyaalarkalukkana kaiyedu cL 001040708LaWERCLbWERCLcSSCd2024-03-31l0o 300 THIp1916r2024-03-31w2024-03-31yL c4760d4760